000 00316nam a2200133Ia 4500
005 20251222155049.0
008 251222s9999||||xx |||||||||||||| ||spa||
082 _aREL.150
100 _aMARTINS BALANCIN.
245 0 _aComo leer el libro de génesis
250 _a1ra. ed.
264 _bEd.Paulinas
942 _cLIB
999 _c37211
_d37211